[Event "Wolfsberg op"]
[Site "Wolfsberg"]
[Date "2014.12.27"]
[Round "1"]
[White "Thier, Robert"]
[Black "Wertjanz, David"]
[Result "0-1"]
[WhiteElo "1863"]
[BlackElo "2237"]
[PlyCount "78"]
[EventDate "2014.12.27"]
[EventType "swiss"]
[EventRounds "5"]
[EventCountry "AUT"]
[SourceTitle "CBM 164 Extra"]
[Source "ChessBase"]
[SourceDate "2015.03.02"]
[SourceVersion "1"]
[SourceVersionDate "2015.03.02"]
[SourceQuality "1"]

1. c4 Nf6 2. Nc3 e5 3. Nf3 Nc6 4. g3 Bc5 5. Bg2 0-0 6. 0-0 a5 7. d3 h6 8. Nd2 d6 9. Nde4 Nxe4 10. Nxe4 Ba7 11. Bd2 Be6 12. Nc3 Qd7 13. Nd5 Nd8 14. Be3 Bxe3 15. fxe3 Ra6 16. e4 Nc6 17. Qd2 Ne7 18. Rf2 Kh7 19. Raf1 c6 20. Ne3 d5 21. exd5 cxd5 22. cxd5 Nxd5 23. Nc4 Qc7 24. Rc1 Rc8 25. Rff1 Rc6 26. a4 Rc5 27. b3 Nf6 28. Rc2 b5 29. axb5 Rxb5 30. Ra2 Ng4 31. Rfa1 Rxb3 32. Rxa5 Bxc4 33. dxc4 Qb6+ 34. c5 Rxc5 35. Be4+ g6 36. Kg2 Rxa5 37. Rxa5 Qf2+ 38. Kh3 Qxh2+ 39. Kxg4 f5+ 0-1

[Event "Semriach op 12th"]
[Site "Semriach"]
[Date "2013.05.01"]
[Round "5"]
[White "Huber, Guenter"]
[Black "Thier, Robert"]
[Result "1-0"]
[WhiteElo "1985"]
[BlackElo "1886"]
[PlyCount "47"]
[EventDate "2013.04.27"]
[EventType "swiss"]
[EventRounds "5"]
[EventCountry "AUT"]
[SourceTitle "CBM 154 Extra"]
[Source "ChessBase"]
[SourceDate "2013.06.25"]
[SourceVersion "2"]
[SourceVersionDate "2013.06.25"]
[SourceQuality "1"]

1. c4 e6 2. g3 d5 3. Bg2 Nf6 4. Nf3 Nbd7 5. b3 Be7 6. 0-0 0-0 7. Bb2 c6 8. d3 b6 9. Nbd2 Bb7 10. e4 dxe4 11. dxe4 Qc7 12. e5 Ng4 13. Qe2 h5 14. h3 Nh6 15. Ne1 g6 16. Nd3 c5 17. Ne4 Nf5 18. g4 hxg4 19. Qxg4 Kg7 20. Nd6 Bxg2 21. Nxf5+ exf5 22. Qxg2 Rh8 23. Nf4 Rh6 24. Qxa8 1-0

[Event "Lienz op 17th"]
[Site "Lienz"]
[Date "2013.02.10"]
[Round "2"]
[White "Thier, Robert"]
[Black "Frank, Emanuel"]
[Result "0-1"]
[WhiteElo "1895"]
[BlackElo "2087"]
[PlyCount "86"]
[EventDate "2013.02.09"]
[EventType "swiss"]
[EventRounds "9"]
[EventCountry "AUT"]
[SourceTitle "CBM 152 Extra"]
[Source "ChessBase"]
[SourceDate "2013.02.25"]
[SourceVersion "1"]
[SourceVersionDate "2013.02.25"]
[SourceQuality "1"]

1. c4 e5 2. Nc3 Nf6 3. Nf3 Nc6 4. g3 d5 5. cxd5 Nxd5 6. Bg2 Nb6 7. 0-0 Be7 8. d3 0-0 9. a3 Be6 10. b4 Nd4 11. Nd2 c6 12. Bb2 Qd7 13. Nce4 Bd5 14. e3 Ne6 15. Bxe5 f5 16. Nc3 Bxg2 17. Kxg2 Qxd3 18. Qb3 Nd5 19. Rfd1 Nxc3 20. Bxc3 Qd5+ 21. Qxd5 cxd5 22. Nf3 Rfc8 23. Rac1 a5 24. Rxd5 axb4 25. axb4 Bxb4 26. Bb2 Rxc1 27. Bxc1 Ra5 28. Rxa5 Bxa5 29. Bb2 b5 30. Nd4 Nxd4 31. Bxd4 Kf7 32. Kf3 g5 33. h3 h5 34. g4 fxg4+ 35. hxg4 h4 36. Be5 Ke6 37. Ke4 Be1 38. f4 b4 39. f5+ Ke7 40. Bd4 Bc3 41. Bc5+ Kf7 42. Kd3 Be5 43. Ke4 b3 0-1

[Event "Latschach op 26th"]
[Site "Latschach"]
[Date "2010.08.14"]
[Round "1"]
[White "Thier, Robert"]
[Black "Medancic, Rikard"]
[Result "0-1"]
[WhiteElo "1871"]
[BlackElo "2286"]
[PlyCount "76"]
[EventDate "2010.08.14"]
[EventType "swiss"]
[EventRounds "9"]
[EventCountry "AUT"]
[SourceTitle "CBM 138 Extra"]
[Source "ChessBase"]
[SourceDate "2010.10.29"]
[SourceVersion "1"]
[SourceVersionDate "2010.10.29"]
[SourceQuality "1"]

1. c4 e5 2. Nc3 Nc6 3. Nf3 f5 4. d4 e4 5. Ng1 Nf6 6. Nh3 Bb4 7. Bg5 h6 8. Bxf6 Qxf6 9. e3 Bxc3+ 10. bxc3 g5 11. Qh5+ Qf7 12. Be2 Qxh5 13. Bxh5+ Ke7 14. 0-0 d6 15. f3 exf3 16. Bxf3 Na5 17. Be2 Be6 18. d5 Bd7 19. Bd3 Rhf8 20. Rf2 Rf7 21. Kh1 Raf8 22. Ng1 c5 23. Ne2 f4 24. exf4 Bf5 25. Bxf5 Rxf5 26. g4 R5f7 27. f5 Kf6 28. Ng3 Re7 29. Rc1 Rfe8 30. Kg1 Nxc4 31. h3 Re3 32. Kh2 Rd3 33. Nf1 b6 34. Ng3 Ree3 35. Nh5+ Kf7 36. Rcc2 Rxh3+ 37. Kg1 Rd1+ 38. Rf1 Rxf1+ 0-1